000 00589nam a22002177a 4500
003 UA-OsUOA
001 41620
007 ta
008 20061005b un ||||| |||| 00| 0 ukr d
090 _a908(477.8):94
_bИ99
942 _cBK
040 _aUA-OsUOA
_bukr
_cUA-OsUOA
_dUA-OsUOA
245 _aІз криниці печалі
_bЗбірник спогадів та документів
300 _a106 с.
955 _a3
041 _aukr
080 _a908(477.8):94
260 _aРівне
_bАзалія
_c2006
650 7 _a908 Краєзнавство
_2UDC
999 _c327760
_d327760